1709 1242 1949 1871 1835 1200 1782 1928 1542 1469 1983 1044 1733 1459 1122 1960 1417 1661 1668 1951 1963 1002 1221 1503 1589 1725 1482 1015 1974 1875 1126 1926 1035 1909 1118 1205 1010 1826 1137 1995 1300 1297 1489 1997 1788 1557 1706 1458 1070 1445 1227 1270 1857 1469 1424 1720 1183 1507 1330 1133 1374 1032 1174 1822 1858 1433 1916 1322 1800 1767 1254 1948 1503 1109 1958 1951 1934 1411 1473 1352 1499 1415 1489 1186 1528 1511 1439 1220 1914 1776 1573 1202 1709 1615 1847 1513 1752 1760 1665 BCNSPRNW ULIB Ver.6.0+V

เปลี่ยนเป็นภาษาไทย

Change to English
 แสดงรายละเอียดบรรณานุกรม
  กลับหน้าหลัก

Brief Record : Get Marc (ISO 2709) : E-mail record : QR code < ปิดหน้าต่าง
LEADER : 00000nam 2200000uu 4500
001    13399120855
003     ULIB
008    020711s2550 th a 000 0 tha d
020    9744151684
050    BF637^bก151ค
110 1  กระทรวงสาธารณสุข.^bกรมสุขภาพจิต.
245    คู่มือ การให้การปรึกษาสำหรับประชาชน./^cกรมสุขภาพจิต
250    พิมพ์ครั้งที่ 1
260    นนทบุรี :^bโรงพิมพ์ตำรวจ,^c2550
945    ^p0^l0^i14470
999    ^aทศพร เกษรทอง
รายการนี้ยังไม่มีแท็ก
คุณยังไม่ได้ล็อกอิน คุณสามารถมีกิจกรรมร่วมกับเว็บไซต์ได้ แต่ต้องล็อกอินก่อน ::
  ล็อกอิน

รายการสื่อสารสนเทศ

ลำดับที่ ประเภท เลขเรียก/บาร์โค้ด สถานที่ สถานะ
1. วิทยาศาสตร์การแพทย์ และสุขภาพ
วิทยาศาสตร์การแพทย์ และสุขภาพ
BF637 ก151ค  
  Barcode: 14470
ห้องสมุดวิทยาเขตสวรรค์ประชารักษ์
►หนังสือทั่วไป
บนชั้น

BibComment


ยังไม่เคยถูกคอมเมนท์

คอมเมนท์ทรัพยากรรายการนี้
  คอมเมนท์: คู่มือ การให้การป..


 Copyright 2026. Bcnsprnw @Library